000 00509nam a2200205Ia 4500
005 20260223113946.0
008 008 250917s9999 xx 000 0 eng d
020 _a978-81-316-1350-4
037 _cDSWL
040 _aDSWL
_beng
_cDSWL
041 _aeng
_2eng
084 _qDSWL
100 _aShyamlal
_91116498
245 0 _aAtrocities on Untouchables
260 _aJaipur,
_bRawat Publication,
300 _axii,204p.
365 _aINR
_b1495
942 _cTEXL
_2CC
999 _c1463862
_d1463862